Loading...
| Current Events | 3 | 20.00 | 67% | 100% | 33% |
| Fine Arts - Classical Music | 6 | 8.33 | 83% | 0% | 0% |
| Fine Arts - Other | 7 | 15.71 | 86% | 71% | 0% |
| Fine Arts - Painting and Sculpture | 7 | 10.00 | 86% | 14% | 0% |
| History - American | 3 | 20.00 | 100% | 67% | 33% |
| History - European | 4 | 12.50 | 100% | 25% | 0% |
| History - Other | 3 | 13.33 | 67% | 67% | 0% |
| History - World | 5 | 10.00 | 80% | 20% | 0% |
| Literature - American | 6 | 23.33 | 83% | 100% | 50% |
| Literature - British | 4 | 15.00 | 75% | 75% | 0% |
| Literature - European | 4 | 15.00 | 100% | 50% | 0% |
| Literature - World | 5 | 18.00 | 100% | 60% | 20% |
| Mythology | 6 | 10.00 | 67% | 17% | 17% |
| Philosophy | 5 | 18.00 | 100% | 80% | 0% |
| Pop Culture | 3 | 6.67 | 33% | 33% | 0% |
| Religion | 5 | 10.00 | 80% | 20% | 0% |
| Science - Biology | 4 | 15.00 | 100% | 50% | 0% |
| Science - Chemistry | 7 | 10.00 | 86% | 0% | 14% |
| Science - Other | 6 | 10.00 | 83% | 0% | 17% |
| Science - Physics | 6 | 15.00 | 83% | 67% | 0% |
| Social Science | 6 | 13.33 | 100% | 17% | 17% |